Saresti imbarazzato se ti dicessi che t'amo? /
Guardat en:
| Autor principal: | |
|---|---|
| Altres autors: | |
| Format: | Llibre |
| Idioma: | italià |
| Publicat: |
Milano :
A. Mondadori,
1969
|
| Col·lecció: | L'immagine del presente ;
6 |
| Matèries: | |
| Etiquetes: |
Sense etiquetes, Sigues el primer a etiquetar aquest registre!
|
MARC
| LEADER | 00000nam a22000007i 4500 | ||
|---|---|---|---|
| 001 | IT\ICCU\SBL\0108302 | ||
| 003 | ItRI | ||
| 005 | 20260115232314.0 | ||
| 008 | 910930s1969 it |||||| ||||| |||||c | ||
| 015 | |2 IT |a 6911363 | ||
| 040 | |b ita |c importazione bologna sebina | ||
| 041 | 7 | |a ita |2 ISO-639-2 | |
| 082 | |a 927 |9 BIOGRAFIA. ARTISTI, MUSICISTI |2 16 | ||
| 082 | |a 927 |9 BIOGRAFIA. ARTISTI, MUSICISTI |2 17 | ||
| 100 | 1 | |a Baez, Joan |0 IT\ICCU\RAVV\064368 |4 aut | |
| 240 | 1 | 0 | |a Daybreak |3 IT\ICCU\SBL\0108303 |9 Baez, Joan |
| 245 | 1 | 0 | |a Saresti imbarazzato se ti dicessi che t'amo? / |c Joan Baez. |
| 260 | |a Milano : |b A. Mondadori, |c 1969 | ||
| 300 | |a 131 p. ; |c 19 cm | ||
| 500 | |a Trad. A. Chiaruttini. | ||
| 650 | 7 | |a Baez, Joan |x Autobiografia |2 scbi | |
| 700 | 1 | |a Chiaruttini, Aldo |0 IT\ICCU\CFIV\011044 | |
| 830 | 2 | |a L'immagine del presente ; |v 6 |0 IT\ICCU\RAV\0085655 | |
| 942 | |2 ddc |c BK |n 0 | ||
| 952 | |0 0 |1 0 |4 0 |6 DOC_780_920000000000000_BAE |7 0 |9 23897 |a BO |b BO |d 2026-01-15 |i 8542 |l 0 |o DOC 780.92 BAE |p BO8542 |r 2026-01-15 23:23:14 |w 2026-01-15 |x [Sebina 5] [1 v.] |y BK |z 1 v. | ||
| 999 | |c 20354 |d 20354 | ||